Responses for show #863 - Wednesday, May 11, 1988

1988 Senior Tournament quarterfinal game 3.

Contestants

Fran Kirchhof, a retired bookstore person from Denver, Colorado

Katie O'Callaghan, a teacher from Tucson, Arizona

Bob Winthrop, a technical writer originally from Hannibal, Missouri

Jeopardy! Round responses

PEOPLE & PLACES
ANIMALS
DANCE PARTNERS
THE STAR-SPANGLED BANNER
SPORTING WORDS
POTPOURRI
    $100 29
[The end of the round sound signals.]

Warsaw

Fran
    $100 28
ostrich

Katie
    $100 7
Marge

Bob
    $100 2
open

Fran
    $100 20
(Alex: You got it, nice going!)
[Applause for Katie finally on the board]

her majesty (Queen Elizabeth)

Katie
    $200 10
Neapolitan

Fran
    $200 27
beavers

Bob
    $200 6
Ricardo Montalbán

Bob
    $200 17
wave

Bob
    $200 3
penalty

Bob
    $200 14
fallout shelter

Bob
    $300 8
Cairo

Bob
    $300 24
(big) bear

Fran
    $300 1
the Owl & the Pussycat

Fran
    $300 15
ramparts

Fran
    $300 11
deuce

Bob
    $300 21
Arkansas

Fran
    $400 9
Israel

Fran
    $500 25
(Alex: We've got less than a minute to go.)

(red) deer

Fran
    $400 4
the Castles

Bob
    $400 18
lawyer

Fran
    $400 13
on deck

Bob
    $400 22
slacks

Katie
    $500 12
Rio de Janeiro

Fran
    $500 26
(Bob: What is a...bush...hog?)

hedgehog

Bob
Triple Stumper
    $500 5
June Allyson

Bob
    $500 19
it became our national anthem

Fran
    $500 16
7-10 split

Bob
    $500 23
time zones

Fran

Scores at the first commercial break (after clue 14):

Bob Katie Fran
$2,600 $0 $1,500

Scores at the end of the Jeopardy! Round:

Bob Katie Fran
$3,000 $600 $4,400

Double Jeopardy! Round responses

SENIORS IN HISTORY
THE UNITED NATIONS
AUTHORS' MIDDLE NAMES
TOUGH TV TRIVIA
FERRIES
"HIGH" & "DRY"
    $200 12
MIchelangelo

Bob
    $200 28
Russia

Bob
    $200 3
Wendell

Bob
    $200 17
(Fran: When are [*]?)
(Alex: When are [*]? Or what is [*]?)
(Fran: Why are [*]?) How are [*]?)
[Laughter]
(Fran: Where are [*]? "HIGH" & "DRY" $600.)
(Alex: You're gonna get yourself out of it by going to another category?)

babies born

Fran
    $200 1
high school

Katie
    $400 11
Queen Victoria

Katie
    $400 27
(Bob: What is Crete?)

Cyprus

BobFran
    $400 4
St. Vincent

Bob
    $2,000 29
[The end of the round sound signals.]

Steve Allen

Bob
    $400 13
Rio Grande

Katie
    $400 2
(Katie: ...What is [sounded like] hydrogenated?)

dry cleaning

KatieFran
    $600 8
Hindenburg

Fran
    $600 23
Switzerland

Bob
    $600 5
Dean

Bob
    $600 25
(Alex: We've got less than a minute to go.)

Car 54, Where Are You?

Katie
    $600 14
nickel

Fran
    $600 18
(Katie: What is the free-sailing zone?)

high seas

BobKatie
    $800 9
Will & Ariel Durant

Fran
    $800 22
veto

Bob
    $800 6
Manley

Fran
    $800 24
The Today Show

Bob
    $600 15
Maine

Fran
    $800 20
Highland fling

Bob
    $1000 10
William O. Douglas

Fran
    $1000 21
(Fran: What is the General Assembly?)
(Bob: What is the, um,...?)

Secretariat

BobFran
Triple Stumper
    $1000 7
(William Wilkie) Collins

Bob
    $1000 26
Lawrence Welk

Bob
    $1000 16
(Bob: What is Oakland?)

San Francisco

BobFran
    $1000 19
Dry Tortugas

Fran

Scores at the end of the Double Jeopardy! Round:

Bob Katie Fran
$9,800 $1,200 $10,800

Final Jeopardy! Round responses

U.S. GEOGRAPHY
KatieWhat are [something scribbled out] South Dakota and Florida
$1,200
BobWhat are N Jersey & Del?
$2,000
FranWhat are Florida & Delaware
$1,000
(2 of) Florida, Delaware, Louisiana, Mississippi & Rhode Island

Final scores:

Bob Katie Fran
$7,800 $0 $11,800
2nd place: $1,000 if eliminated 3rd place: $1,000 if eliminated Automatic semifinalist

Game dynamics:

Coryat scores:

Bob Katie Fran
$8,200 $1,200 $10,900
25 R
(including 1 DD),
4 W
7 R,
2 W
24 R
(including 2 DDs),
1 W

Combined Coryat: $20,300

The J! Archive is created by fans, for fans. The Jeopardy! game show and all elements thereof, including but not limited to copyright and trademark thereto, are the property of Jeopardy Productions, Inc. and are protected under law. This website is not affiliated with, sponsored by, or operated by Jeopardy Productions, Inc. Join the discussion at JBoard.tv.